[Event "Turnier 40 / 120"]
[Site "Wien"]
[Date "2023.10.20"]
[Round "26"]
[White "Mephisto Magellan – 20 MHZ"]
[Black "Novag Star Diamond – 25 MHZ"]
[Result "0-1"]
[BlackElo "2161"]
[WhiteElo "2233"]

{Analyse -------> Stockfish 16} 1. d4 c5 2. Nf3 cxd4 3. Nxd4 d5 {Buchende}
4. e4 dxe4 {Buchbewertung Novag Star Diamond: +0,96} 5. Bb5+ Bd7 {klar
schwächer als Sd7, trotzdem hat Magellan diesen Zug im Buch} 6. Nc3 Nf6 7.
O-O {Buchende} Bxb5 8. Ndxb5 {Buchbewertung Mephisto Magellan: +0,1 / lt.
Stockfish steht Schwarz minimal besser mit ca. +0,20} Nc6 {das kehrt die
Vorzeichen um, danach steht Weiss minimal besser mit ca. +0,20, besser ist
a6} 9. Qxd8+? {ein schlechter Zug, der ca. 1,5 Bauerneinheiten einbüsst,
danach ist Schwarz bereits klar im Vorteil, Stockfish -1,30, nötig war De2}
Rxd8 10. Be3 a6 11. Nc7+ Kd7 12. N7d5 Nxd5 13. Nxd5 e6 14. Nb6+ Kc7? {ein
schlechter Zug, danach ist Schwarz nur noch knapp im Vorteil mit ca. +0,30
(büsst mehr als eine ganze Bauerneinheit ein), nötig war Ke8} 15. Rad1 Bb4
16. Nc4 Kb8 {besser ist Txd1, nach dem Textzug ist die Stellung im Lot} 17.
c3 Be7 18. Bf4+ Ka7 19. Bc7 Rd5 20. Bb6+ Kb8 21. Rxd5 exd5 22. Ne3 Bd8 23.
Bc5 Ne5 24. Nxd5 Nd3 25. Bd4 Nxb2 26. Bxg7 Re8 27. Bf6 Nd3 28. Bxd8 Rxd8
29. Nf6 Nc5 30. Nxh7 Rd6 31. f3 f5 {besser ist e3 mit Ausgleich, Stockfish
-0,50} 32. fxe4 fxe4 33. Ng5 Kc7? {ein ganz schlechter Zug, danach ist die
Partie praktisch schon verloren, Stockfish -2,10, nach Td2 ist noch nichts
verloren für Schwarz, danach wäre Weiss nur knapp mit ca. +0,50 im Vorteil}
34. Re1 Rd5 35. h4 Re5 36. Kf1 Kc6 37. Ke2 Kd5 38. Rd1+ Nd3 39. Ke3 {da ist
nichts mehr zu retten für Schwarz, Stockfish -5,00} Kc4 40. Rb1? {deutlich
besser ist Sxe4 mit ca. +6,00, aber auch der Textzug gewinnt die Partie
klar, Stockfish +4,00 (büsst allerdings ganze 2 Bauerneinheiten ein)} Nc5
41. Rb4+? {ein schlechter Zug, der eine ganze Bauerneinheit einbüsst,
deutlich besser ist g4, Stockfish +3,00} Kxc3 42. a3?? {ein ganz schlechter
Zug, der den Vorteil von Weiss halbiert, Stockfish nur noch +1,50, nötig
war Td4} b5 43. g4 Kc2 44. Nxe4?? {unfassbar, verschenkt bereits den Sieg,
nötig war Td4 mit klarem Vorteil für Weiss mit ca. +2,00} a5 45. Rd4 Nb3
46. a4??? {also das darf doch einfach nicht wahr sein, was für ein
idiotischer Zug, danach ist die Partie sofort verloren, Stockfish -9,00,
Magellan verwirft zuvor noch alle möglichen Remisvarianten, z.B. Td8, Kf4,
alles ist eigentlich Remis, dieser IDIOTENZUG, ist tatsächlich der EINZIGE
Zug, der verliert, einfach unfassbar !!!} Nxd4 47. Kxd4 bxa4 48. Kxe5 a3
49. h5 a2 {Rest geschenkt / was für eine IDIOTISCHE Partie von Magellan,
einfach unfassbar !!!} 0-1
[/pgn]
[pgn]

[Event "Turnier 40 / 120"]
[Site "Wien"]
[Date "2023.10.23"]
[Round "27"]
[White "Novag Star Diamond – 25 MHZ"]
[Black "Mephisto Magellan – 20 MHZ"]
[Result "1-0"]
[BlackElo "2233"]
[WhiteElo "2161"]

{Annalye ------> Stockfish 16} 1. Nf3 Nf6 2. g3 c5 3. Bg2 d5 {Buchende} 4.
d3 e6 {Buchbewertung Mephisto Magllean: 0,0} 5. O-O {Buchende} Nc6 6. Nc3
{Buchbewertung Novag Star Diamond: +0,07 / lt. Stockfish steht Schwarz eine
Nuance besser mit ca. +0,20} Be7 7. Re1 O-O 8. Qd2 {den Läufer zu
verstellen ist weniger gut, Stockfish -0,70, besser ist a4} b6 9. e4 d4 10.
Nb5 a6 11. Na3 Bb7 12. Nc4 b5 13. Nce5 Nxe5 14. Nxe5 Qb6 15. f4 Rfe8 {die
Stellung ist etwa gleich} 16. Qe2 Red8 17. Bd2 Nd7 18. Qh5 {besser ist
Sxd7, Stockfish -0,50} Nxe5 19. fxe5 Rf8 20. Bf4 a5 21. Rf1 a4 {besser ist
c4 oder Lc6, die Stellung ist im Lot, Stockfish 0,00} 22. Bg5? {ein
schwacher Zug, der eine ganze Bauerneinheit einbüsst, Stockfish -1,00,
deutlich besser ist Dg4 mit Ausgleich} Bxg5 23. Qxg5 a3 24. b3 Rae8? {ein
schlechter Zug, danach ist die Stellung wieder im Lot, deutlich besser ist
c4} 25. Rf4 Qd8 26. Qh5 Qe7??? {ein absoluter Verlustzug, danach ist die
Partie sofort verloren, Stockfish -4,00, nötig war g6 mit Ausgleich} 27.
Raf1 Rd8 {besser ist noch g6, rettet aber auch nichts mehr, Stockfish
-5,00} 28. Rh4 h6 {übersieht bereits ein Matt in 10, es ging nur noch Dxh4}
29. Rf6! Rfe8 30. Rg4 Kh7 31. Rxf7 {übersieht ein Matt in 8, ist aber egal,
gewinnt die Dame und somit die Partie, richtig wäre Txg7+ gewesen} Qxf7
{Mephisto Magellan: -9,9 ----> aufgegeben (von mir so interpretiert, da
schlechtestmögliche Bewertung, Magellan hat keine Funktion der Aufgabe)}
1-0
[/pgn]
[pgn]

[Event "Turnier 40 / 120"]
[Site "Wien"]
[Date "2023.10.24"]
[Round "28"]
[White "Mephisto Magellan – 20 MHZ"]
[Black "Novag Star Diamond – 25 MHZ"]
[Result "1/2-1/2"]
[BlackElo "2161"]
[WhiteElo "2233"]

{Analyse ------> Stockfish 16} 1. e4 Nf6 2. e5 Nd5 3. d4 d6 4. c4 Nb6 5.
exd6 exd6 6. Nc3 Be7 7. Bd3 {Buchende} N8d7 {ein schlechter Buchzug,
deutlich besser ist Sc6} 8. Nf3 {Buchbewertung Mephisto Magellan: +0,2} O-O
{Buchbewertung Novag Star Diamond: -0,84 / lt. Stockfish steht Weiss klar
besser mit ca. +1,10} 9. Qc2 Nf6 10. O-O Bg4 11. Nd2 {besser ist Se1,
Stockfish +0,70} Qd7 {besser ist d5, Stockfish -1,00} 12. Nde4 Rae8 13.
Nxf6+ {deutlich schwächer als Sg3, Stockfish +0,70} Bxf6 14. h3 Bh5 15. c5
{besser ist Lxh7+, Stockfish +0,50} dxc5 16. dxc5 Nd5 17. Bxh7+ Kh8 18. Bf5
Qc6 19. Be4 {besser ist Sxd5, nach dem Textzug ist nicht mehr viel übrig
vom weissen Vorteil, Stockfish +0,30} Bxc3 20. Bxd5 Qxd5 21. Qxc3 Re4 22.
b4 Qc4 23. Qxc4 Rxc4 24. b5 Re8 25. Be3 Be2 26. Rfe1 Rc2 27. c6 {etwas
besser ist a4 oder Teb1, nach dem Textzug ist die Partie bereits Remis,
Stockfish 0,00} bxc6 28. bxc6 Re6? {ein schwacher Zug, nach a6 oder Lb5
wäre die Stellung im Lot, Stockfish -1,00, trotzdem ist eigentlich bei den
unterschiedlichen Läufern kaum zu sehen, wie Weiss das gewinnen soll, für
mich sieht das schon sehr nach Remis aus} 29. Bxa7 Rexc6 30. a4 Ra6 31. Bd4
Ra5 32. Bc3? {danach ist die Partie bereits Remis, Stockfish 0,00, nötig
war Ta3} Rc5? {nicht optimal, das Remis gesichert hätte Txc3, Stockfish
-0,80, allerdings die richtige Fortsetzung ist für Magellan nicht machbar,
es wäre Ld4 und das ist eine Stellungswiederholung und somit 0,00 aus
seiner Sicht.} 33. Ra3 {ist klar, aber hier erspare ich Magellan ein
Fragezeichen aus zuvor genanntem Grund, aber danach ist die Stellung wieder
Remis} Rd5? {ein schwacher Zug, das Remis gesichert hätte T2xc3, Stockfish
-1,00} 34. Rb3? {das bringt gar nichts, nötig ist natürlich einfach 34. a5,
danach ist es wieder Remis} Bc4 35. Rb4 Rxc3 36. Re4 Rc1+ 37. Kh2 Bb5 38.
Rxb5 Rxb5 39. axb5 {der Mehrbauer von Weiss ist nichts wert, die Stellung
ist Remis, Stockfish 0,00} Kh7 40. Re5 Kg6 41. Kg3 Kf6 42. f4 Rc2 43. Kf3
Rc3+ 44. Kg4 c6??? {ein Verlustzug, Stockfish -3,00, nötig war Tc2 und es
ist Remis} 45. b6! {richtig} Rb3 46. Kh5! g6+?? {danach geht es steil
bergab, Stockfish -7,00, deutlich mehr Widerstand leistet noch c5 mit ca.
-3,50} 47. Kh6 c5 48. h4! Rxb6 49. g4 Re6 50. Rxc5 Re4 51. Rc6+??? {ein
absoluter Horrorzug, der Sage und Schreibe 31 Bauerneinheiten !!!
verschenkt, danach ist die Partie Remis, sofort gewonnen hätte g5+} Ke7 52.
Kg5 Re1 53. h5 gxh5 54. gxh5 Rg1+ 55. Kf5 Rh1 56. h6 Rh5+ 57. Kg4 Rh1 58.
Ra6 Rg1+ 59. Kf5 Rh1 60. Rb6 {Naja, das bringt nichts mehr, man braucht
sich nicht anzusehen, wie Magellan alle möglichen Turmpositionen auf der 6.
Reihe ausprobiert und sich ständig im Vorteil sieht, Userentscheid: Remis /
ein ganz bitteres Remis aus der Sicht von Magellan, diese Partie muss er
gewinnen} 1/2-1/2
[/pgn]
[pgn]

[Event "Turnier 40 / 120"]
[Site "Wien"]
[Date "2023.10.24"]
[Round "29"]
[White "Novag Star Diamond – 25 MHZ"]
[Black "Mephisto Magellan – 20 MHZ"]
[Result "0-1"]
[BlackElo "2233"]
[WhiteElo "2161"]

{Analyse ----> Stockfish 16} 1. d4 Nf6 2. c4 e6 3. Nf3 b6 4. a3 Bb7 5. Nc3
d5 6. cxd5 Nxd5 7. Qc2 Nxc3 8. bxc3 c5 9. e4 Nd7 {Buchende} 10. Bf4
{Buchende} Rc8 {Buchbewertung Mephisto Magellan: +0,2} 11. Qd3
{Buchbewertung Novag Star Diamond: +0,03 / besser ist d5, lt. Stockfish
steht Schwarz knapp besser mit ca. +0,50} Nf6 12. Nd2 Be7 13. Be2 O-O 14.
Be5? {ein schwacher Zug, Stockfish -1,30, deutlich besser ist 0-0} Nd7 15.
Bg3 Nb8? {ein schwacher Zug, der den Grossteil des Vorteiles verspielt,
Stockfish +0,30, deutlich besser ist cxd4} 16. Nf3 Ba6 17. Qd2 Bxe2 18.
Qxe2 Nc6 19. Qe3 Na5 20. O-O Nc4 21. Qd3 cxd4 22. cxd4 f5 {besser ist b5,
nach dem Textzug ist die Stellung im Lot} 23. Rfc1 {etwas besser ist exf5,
Stockfish -0,30} fxe4 24. Qxe4 Qd5 25. Re1? {ein ganz schlechter Zug,
danach ist die Partie lt. Stockfish praktisch schon verloren, Stockfish
-2,00, nötig war Dxd5 mit annäherndem Ausgleich} Bxa3 26. Qxe6+ Qxe6 27.
Rxe6 a5 {lt. Stockfish ist die Partie bereits gewonnen für Schwarz, +2,50,
aber wie immer gilt dieser Kommentar nur für Stockfish, Magellan wird es
sicher nicht perfekt in seinem Sinne weiterspielen, das ist hier noch
keinesfalls erledigt für einen Oldie} 28. h3 b5? {kaum habe ich den vorigen
Kommentar beendet kommt schon ein ganz schlechter Zug, der den Grossteil
des Vorteiles verspielt, Stockfish nur noch +0,80, nötig war 28. Lb2} 29.
Ne5 Bb2? {tja, da kann man nur sagen, warum nicht gleich, jetzt nicht mehr
empfehlenswert, danach ist praktisch der gesamte Vorteil dahin, Stockfish
+0,30, deutlich besser ist Lb4} 30. Rb1 Nd2 31. Re1?? {ein Verlustzug,
danach ist die Partie lt. Stockfish bereits klar verloren, Stockfish -3,30,
nötig war Txb2 mit Ausgleich} Rc2?? {aber wieder gilt das nur für
Stockfish, verschenkt auf einen Schlag den gesamten Vorteil, Stockfish
0,00, gewonnen hätte 31. Tf6} 32. d5 Bc3 33. Nc6 Nc4 34. R6e2??? {ein
absoluter Verlustzug, danach ist alles aus, Stockfish -4,00, nötig war Td1
mit Ausgleich} Rxe2 35. Rxe2 b4 36. d6 b3 37. Ne7+ Kf7 38. Nd5 Bd2 {besser
ist Lf6, aber auch der Textzug gewinnt die Partie klar, Stockfish +4,60}
39. Re7+ Kg6 40. Rb7 b2 {besser ist a4, aber auch der Textzug gewinnt klar,
Stockfish +3,50} 41. Be5! {erzwungen, noch die beste Verteidigung} Nxe5 42.
Rxb2 Be1 43. Re2 Nd3 44. d7 Rd8 45. Nb6 Kf7 46. Kf1 Bb4 47. Re3 Nc5 48.
Rf3+ Ke6 49. Re3+ Kd6 50. Re8 Kc7 51. Ke2 Nb7 52. Nc4 a4 53. Ne3 Bf8 54.
Re4 Nc5 55. Rh4 a3 56. Nc2 a2 57. Rxh7 Rb8 58. d8=Q+ Kxd8 59. Rh8 {Novag
Star Diamond: -7,46 ----> aufgegeben} 0-1
[/pgn]
[pgn]

[Event "Turnier 40 / 120"]
[Site "Wien"]
[Date "2023.10.25"]
[Round "30"]
[White "Mephisto Magellan – 20 MHZ"]
[Black "Novag Star Diamond – 25 MHZ"]
[Result "1-0"]
[BlackElo "2161"]
[WhiteElo "2233"]

{Analyse ----> Stockfish 16} 1. e4 c6 2. c4 d5 3. exd5 cxd5 4. d4 Nf6 5.
Nc3 e6 6. Nf3 {Buchende} Nc6 7. cxd5 {Buchbewertung Mephisto Magellan:
+0,1} Nxd5 8. Bb5 Bb4 {Buchbewertung Novag Star Diamond: +0,34 / lt.
Stockfish steht Weiss knapp besser mit ca. +0,20} 9. Bd2 O-O 10. O-O Qa5
11. Bd3 {besser ist Lxc6} Nxc3 12. bxc3 Bxc3 13. Bxh7+ Kxh7 14. Qc2+ Kg8
15. Bxc3 Qd5 16. Rae1 b6 17. Re4 Ba6 18. Rh4 f5 19. Re1 Rac8? {ein
schwacher Zug, deutlich besser ist Tf6 mit Ausgleich, Stockfish -1,30} 20.
Qd1 Rf6 21. Ng5 g6?? {ein absoluter Verlustzug, danach ist die Partie klar
verloren, Stockfish -5,00, nötig war 21. e5 mit ca. -1,30, aber Vorsicht
dieser Kommentar gilt wieder nur für Stockfish 16} 22. Re3! b5? {deutlich
mehr Widerstand leistet noch Sd8, aber auch das rettet nichts mehr} 23.
Reh3 {Stockfish Matt in 17} Kg7 24. Rh7+ Kf8 25. Rh8+ Ke7 26. R3h7+ Rf7
{Novag Star Diamond: -8,19 ----> aufgegeben} 1-0
[/pgn]
[pgn]

[Event "Turnier 40 / 120"]
[Site "Wien"]
[Date "2023.10.26"]
[Round "31"]
[White "Novag Star Diamond – 25 MHZ"]
[Black "Mephisto Magellan – 20 MHZ"]
[Result "1-0"]
[BlackElo "2233"]
[WhiteElo "2161"]

{Analyse -----> Stockfish 16} 1. e4 e5 2. Nf3 Nc6 3. Bb5 a6 4. Ba4 Nf6 5.
O-O Be7 6. Re1 b5 7. Bb3 d6 8. c3 O-O 9. h3 Na5 10. Bc2 c5 11. d4 cxd4 12.
cxd4 Bb7 13. Nc3 {Buchende} Qc7 {Buchende} 14. dxe5 {Buchbewertung Novag
Star Diamond: +0,34 / kein guter Zug, da gibt es jede Menge bessere
Alternativen, z.B. der noch im Buch von Magellan gespeicherte Zug De2, oder
auch Ld3, d5, nach dem Textzug ist die Stellung lt. Stockfish exakt im Lot
mit 0,00} dxe5 {Buchbewertung Mephisto Magellan: +0,3} 15. Nd5 Nxd5 16.
exd5 Rfd8?? {Magellan, verwirft im letzten Moment den richtigen Zug Tad8,
danach wäre alles im Lot gewesen, ein Verlustzug, danach ist die Partie
bereits verloren, Stockfish -3,00} 17. Nxe5 Rxd5 {besser ist noch g6,
rettet aber auch nichts mehr, Stockfish -4,00} 18. Bxh7+! {Novag Star
Diamond: +1,61 / damit ist es entschieden und man kann sich dann schon
jeden weiteren Kommentar schenken, es sei denn Star Diamond macht noch
einen Megabock, hier beende ich die Kommentierung, hier ist alles erledigt}
Kxh7 19. Qh5+ Kg8 20. Qxf7+ Kh7 21. Bf4 Qc5? {mehr Widerstand leistet noch
Dd6, aber hier ist es schon egal, Stockfish -5,30} 22. Rac1 Qb4 23. a3 Qd6
24. Nd7 Qg6 25. Qxg6+ Kxg6 26. Rxe7 {Rest geschenkt} 1-0
[/pgn]
[pgn]

[Event "Turnier 40 / 120"]
[Site "Wien"]
[Date "2023.10.27"]
[Round "32"]
[White "Mephisto Magellan – 20 MHZ"]
[Black "Novag Star Diamond – 25 MHZ"]
[Result "0-1"]
[BlackElo "2161"]
[WhiteElo "2233"]

{Analyse -----> Stockfish 16} 1. e4 e5 2. Nf3 Nc6 3. Nc3 Nf6 4. d4 exd4 5.
Nxd4 Bb4 6. Nxc6 bxc6 7. Bd3 {Buchende} O-O 8. O-O {Buchbewertung Mephisto
Magellan: -0,3} Re8 {Buchende} 9. Qf3 Bxc3 {Buchbewertung Novag Star
Diamond: +0,84 / besser ist d5 mit Ausgleich, Star Diamond ist hier viel zu
optimistisch, lt. Stockfish steht sogar Weiss etwas besser mit ca. +0,40}
10. bxc3 h6 11. Be3 Qe7 12. Rfe1 d5 {besser ist d6, Stockfish -0,70} 13.
exd5 cxd5 14. Bb5? {das bringt gar nichts, Stockfish +0,20, deutlich besser
ist h3} Bd7 15. Bxd7 {das Läuferpaar abzugeben ist weniger gut, die
Stellung ist im Lot, etwas besser ist Lf1} Qxd7 16. Bxh6 Ne4 17. Bf4 Qc6
18. a3 Nxc3 19. Qd3 Rab8 20. Be3 a5 21. Ba7 Rbd8 22. Bd4 Nb5 23. Be5 Nd6
24. Qd4 f6 25. Bxd6 cxd6 26. Qd2 a4 27. Rxe8+ Rxe8 28. h3 Qc5 29. Qd3 Kf7
30. Rb1 Qc4?? {ein Verlustzug, danach ist die Partie bereits klar verloren,
Stockfish -3,60, nötig war Te4 und alles ist im Lot} 31. Qh7? {weit
schwächer als Tb7+, aber auch nach dem Textzug bleibt Weiss klar im
Vorteil, Stockfish +2,30} Re7 32. Qh5+ Ke6 33. Re1+ Kd7 34. Qf5+ Kd8 35.
Rxe7?? {verschenkt einfach alles, danach ist die Partie Remis, gewonnen
hätte hier Tb1 mit über +3,00, die Gewinnvariante nach Tb1 ist allerdings
viel zu tief für einen Oldie} Kxe7 36. Qd3 Qe4 37. g4 g5 38. Kh2 Qe5+ 39.
Kg2 Kd8 40. c4 Qe4+ 41. Qxe4 dxe4 42. f3??? {ein absoluter Verlustzug,
danach ist die Partie sofort verloren, Stockfish -30,00, das Remis
gesichert hätte entweder Kg3 oder h4, da Kg3 verwirft Magellan leider im
letzten Moment wegen einer Bewertungsdifferenz von +0,1} Kd7 43. fxe4 Kc6
44. Kg3 Kc5 {Rest geschenkt} 0-1
[/pgn]
[pgn]

[Event "Turnier 40 / 120"]
[Site "Wien"]
[Date "2023.10.28"]
[Round "33"]
[White "Novag Star Diamond – 25 MHZ"]
[Black "Mephisto Magellan – 20 MHZ"]
[Result "1/2-1/2"]
[BlackElo "2233"]
[WhiteElo "2161"]

{Analyse ------> Stockfish 16} 1. e4 c5 2. Nf3 d6 3. d4 cxd4 4. Nxd4 Nf6 5.
Nc3 g6 6. Be3 Bg7 7. f3 O-O 8. Qd2 Nc6 9. O-O-O d5 10. exd5 Nxd5 11. Nxc6
bxc6 12. Bd4 e5 13. Bc5 {Buchende} Be6 {Buchende} 14. Bxf8 {Buchbewerung
Novag Star Diamond: +1,42 / da liegt er aber völlig falsch lt. Stockfish
steht Schwarz trotz des Qualitätsverlustes besser mit ca. +0,80} Qxf8
{Buchbewertung Mephisto Magellan: -0,7} 15. Nxd5 cxd5 16. Qa5 Qb8 {besser
ist e4, nach dem Textzug ist die Stellung im Lot} 17. Bb5?? {ein
Verlustzug, danach ist die Partie bereits verloren, Stockfish -3,80, nötig
war Td3 mit Ausgleich} e4! {der richtige Zug, Magellan sieht sich aber noch
knapp im Nachteil, Bewertung: -0,3} 18. c3 d4?? {ein grottenschlechter Zug,
der auf einen Schlag den gesamten Vorteil verschenkt, Stockfish 0,00,
gewonnen hätte exf3} 19. Bc6 dxc3 20. bxc3 exf3 21. Bxa8 Bh6+ 22. Kc2 Bf5+
23. Qxf5 gxf5 24. Bxf3 Qc7 25. Bd5 Qe5 26. Bc6 Qe2+ 27. Kb3 Bd2 28. Rhf1?
{ein schlechter Zug, danach ist Schwarz im Vorteil, Stockfish -1,70,
deutlich besser ist entweder Txd2 oder Lf3 beides mit nur minimalem Vorteil
für Schwarz mit ca. -0,30} Qe6+ 29. Kc2 Qxa2+ 30. Kd3 Qa6+? {verschenkt
alles, danach ist die Partie bereits Remis, Stockfish 0,00, nötig war Lh6
mit klarem Vorteil für Schwarz mit ca. +1,70, die mögliche Gewinnvariante
ist aber einfach zu tief für Magellan} 31. Kxd2 Qxc6 32. Rf2 a5 33. Re2?
{besser ist Tdf1 mit Ausgleich, Stockfish -0,60} f4 34. Rf1 a4 35. Rxf4 a3
36. Kc2 a2 37. Re1 Qxg2+ 38. Kb3 Qd5+ 39. Ka3? {ein schlechter Zug,
Stockfish -1,20, deutlich besser ist 39. Kc2 mit nur ca. -0,60} Qd2 40.
Rff1 Qxh2? {halbiert den Vorteil von Schwarz, Stockfish +0,60, deutlich
besser ist 40.Dxc3+ mit ca. +1,20} 41. Kb3 h6 42. Ra1 Qd6 {besser ist h5,
Stockfish +0,30} 43. Kxa2 f5 {minimalen Vorteil versprach noch h5, nach dem
Textzug ist die Partie bereits Remis, Stockfish 0,00} 44. Kb2 f4 45. Rad1
Qe5 46. Rf2 Qb5+ 47. Kc1 Qc5 48. Rf3 Qc6 49. Rd8+ Kg7 50. Rxf4 Qxc3+ 51.
Kd1 {naja, der letzte Randbauer von Schwarz ist natürlich nicht mehr
verwertbar, Userentscheid: Remis} 1/2-1/2
[/pgn]
[pgn]